|
|
|
|
| LEADER |
03760nam a2200805 4500 |
| 001 |
ocn869881426 |
| 003 |
OCoLC |
| 005 |
20170124072522.7 |
| 006 |
m o d |
| 007 |
cr ||||||||||| |
| 008 |
140203s2014 nju o 001 0 eng |
| 010 |
|
|
|a 2014004646
|
| 040 |
|
|
|a DLC
|b eng
|e rda
|e pn
|c DLC
|d N$T
|d IDEBK
|d EBLCP
|d MHW
|d YDXCP
|d OSU
|d DG1
|d DEBSZ
|d CDX
|d E7B
|d OCLCF
|d TEFOD
|d OCLCO
|d OCLCQ
|d OCL
|d OCLCO
|d TEFOD
|d COO
|d OCLCO
|d OCLCQ
|d OCLCO
|d RECBK
|d OCLCO
|d OCL
|d DEBBG
|d GrThAP
|
| 019 |
|
|
|a 880451433
|a 959873308
|a 961584525
|a 962703682
|a 966476928
|
| 020 |
|
|
|a 9781118755945
|q (electronic bk.)
|
| 020 |
|
|
|a 1118755944
|q (electronic bk.)
|
| 020 |
|
|
|a 9781118760192
|q (electronic bk.)
|
| 020 |
|
|
|a 1118760190
|q (electronic bk.)
|
| 020 |
|
|
|z 9781118756096
|q (Hardcover)
|
| 020 |
|
|
|z 9781118756119
|
| 020 |
|
|
|z 1118756118
|
| 020 |
|
|
|z 1118756096
|
| 020 |
|
|
|a 9781306685108
|
| 020 |
|
|
|a 1306685109
|
| 029 |
1 |
|
|a CHBIS
|b 010259658
|
| 029 |
1 |
|
|a CHNEW
|b 000693539
|
| 029 |
1 |
|
|a CHNEW
|b 000693542
|
| 029 |
1 |
|
|a CHVBK
|b 325943230
|
| 029 |
1 |
|
|a DEBSZ
|b 405717539
|
| 029 |
1 |
|
|a DEBBG
|b BV043608939
|
| 029 |
1 |
|
|a DEBSZ
|b 475024931
|
| 029 |
1 |
|
|a DEBBG
|b BV043396527
|
| 029 |
1 |
|
|a DEBBG
|b BV043892399
|
| 035 |
|
|
|a (OCoLC)869881426
|z (OCoLC)880451433
|z (OCoLC)959873308
|z (OCoLC)961584525
|z (OCoLC)962703682
|z (OCoLC)966476928
|
| 037 |
|
|
|a 88D4DBC2-EAEA-4D6E-A647-297916EE47E3
|b OverDrive, Inc.
|n http://www.overdrive.com
|
| 042 |
|
|
|a pcc
|
| 043 |
|
|
|a a-ii---
|
| 050 |
0 |
0 |
|a HG5732
|
| 072 |
|
7 |
|a BUS
|x 069000
|2 bisacsh
|
| 072 |
|
7 |
|a BUS
|x 055000
|2 bisacsh
|
| 082 |
0 |
0 |
|a 330.954
|2 23
|
| 049 |
|
|
|a MAIN
|
| 100 |
1 |
|
|a Saraogi, Rahul.
|
| 245 |
1 |
0 |
|a Investing in India :
|b a value investor's guide to the biggest untapped opportunity in the world /
|c Rahul Saraogi.
|
| 264 |
|
1 |
|a Hoboken :
|b Wiley,
|c 2014.
|
| 300 |
|
|
|a 1 online resource.
|
| 336 |
|
|
|a text
|b txt
|2 rdacontent
|
| 337 |
|
|
|a computer
|b c
|2 rdamedia
|
| 338 |
|
|
|a online resource
|b cr
|2 rdacarrier
|
| 490 |
1 |
|
|a Wiley finance series
|
| 500 |
|
|
|a Includes index.
|
| 505 |
0 |
|
|a Preface -- Understanding India -- Government, politics, and the media -- The economy -- Financial architecture -- Afterword -- About the companion website -- About the author -- Index.
|
| 588 |
0 |
|
|a Print version record and CIP data provided by publisher.
|
| 520 |
|
|
|a A practical, real-world guide to investing in India India's rapid economic growth offers obvious opportunities for foreign investors, but making wise investing decisions can be difficult for any investor without a deep knowledge of the country and its culture. With a vibrant democracy and an active press, India can be a complex and chaotic place in which investors can find it difficult to make investing decisions with confidence. This book offers an on-the-ground perspective on India from one of India's most successful value investors. Looking deeply into the internal realities that impact ...
|
| 650 |
|
0 |
|a Investments
|z India.
|
| 650 |
|
0 |
|a Finance
|z India.
|
| 650 |
|
7 |
|a BUSINESS & ECONOMICS
|x Economics
|x General.
|2 bisacsh
|
| 650 |
|
7 |
|a BUSINESS & ECONOMICS
|x Reference.
|2 bisacsh
|
| 650 |
|
7 |
|a Finance.
|2 fast
|0 (OCoLC)fst00924349
|
| 650 |
|
7 |
|a Investments.
|2 fast
|0 (OCoLC)fst00978234
|
| 650 |
|
7 |
|a Politics and government.
|2 fast
|0 (OCoLC)fst01919741
|
| 651 |
|
0 |
|a India
|x Politics and government
|y 21st century.
|
| 651 |
|
7 |
|a India.
|2 fast
|0 (OCoLC)fst01210276
|
| 648 |
|
7 |
|a 2000-2099
|2 fast
|
| 655 |
|
4 |
|a Electronic books.
|
| 655 |
|
0 |
|a Electronic books.
|
| 776 |
0 |
8 |
|i Print version:
|a Saraogi, Rahul.
|t Investing in India.
|d Hoboken : Wiley, 2014
|z 9781118756096
|w (DLC) 2014003244
|
| 830 |
|
0 |
|a Wiley finance series.
|
| 856 |
4 |
0 |
|u https://doi.org/10.1002/9781118756119
|z Full Text via HEAL-Link
|
| 994 |
|
|
|a 92
|b DG1
|